zpět

Detail výsledku týmu

R.A.M., Jablonec nad Nisou

Datum a čas kvízu

37 Celkem bodů Celkový počet nahraných bodů na tomto kvízu bez doplňovacích otázek.
5. Pořadí na kvízu Konečné umístění týmu na tomto kvízu.

Zaznamenané odpovědi

# Otázka Odpověď Body Výsledky
1. Liberecký kraj je rájem rozhle... Mjölk 1
2. Tichomořské souostroví s popul... Tuvalu 0
3. Na svatého Martina vydala jedn... Mirai 0
4. Jistý filmař v roce 1993 spolu... Peter Jackson 0
5. Do nominace české ženské hokej... Karolína Erbanová 1
6. Budeme se zabývat osobnostmi,... Bertramka; Don Giovanni, La clemenza di Tito 1
7. Posuneme se do doby přelomu 16... Edward Kelley 1
8. Toto je Tonya Graves, americká... Monkey Business, Obsluhoval jsem anglického krále 1
9. Napíšete-li jméno muže na obrá... Robert Fulghum, Všechno, co opravdu potřebuju znát, jsem se naučil v mateřské školce 1
10. Poslední muž v našem výběru ta... Emanuele Ridi, StarDance …když hvězdy tančí 0